4 liga Łódzka 2022/23 - Statystyki

Ogólne statystyki
  • Ten quiz został rozwiązany 28 razy
  • Średni wynik to 6 z 20
Statystyki odpowiedzi
Miejsce Klub % Poprawnych
3. RKS Radomsko
67%
10. Zjednoczeni Stryków
50%
14. Boruta Zgierz
44%
6. KS Kutno
44%
8. Sokół Aleksandrów Ł.
44%
1. GKS Bełchatów
39%
7. Polonia Piotrków Tryb.
33%
9. Skalnik Sulejów
33%
19. WKS Wieluń
28%
12. Ceramika Opoczno
22%
11. Omega Kleszczów
22%
13. Zryw Wygoda
22%
20. LKS Kwiatkowice
17%
5. Orkan Buczek
17%
15. Stal Niewiadów
17%
16. Włókniarz Zelów
17%
4. AKS SMS Łódź
11%
17. Jutrzenka Drzewce
11%
18. Pogoń Zduńska Wola
11%
2. Widzew ll Łódź
6%
Nie znaleziono quizów pasujących do podanych kryteriów
Rozkład punktacji
Procent ludzi z każdym wynikiem
Percentyl według liczby udzielonych odpowiedzi
Twoja historia wyników
Nie rozwiązałeś tego quizu